| 000 | 03162nam a22003377a 4500 | ||
|---|---|---|---|
| 001 | TIC 0025 | ||
| 003 | gtcocun | ||
| 005 | 20250922200010.0 | ||
| 006 | a||||gr|||| 00| 0 | ||
| 007 | ta | ||
| 008 | 250922b2023 gt ||||| m||| 00| 0 eng d | ||
| 040 |
_agtcocun _bSPA _cgtcocun _eRDA |
||
| 041 | _aSPA TIC 0025 | ||
| 084 | _0TIC 0025 | ||
| 100 |
_aMazariegos Cú, Josué Emanuel _eAutor |
||
| 245 |
_aINFORME FINAL DE EJERCICIO PROFESIONAL SUPERVISADO, DISEÑO DE PUENTE VEHICULAR PARA EL ECO CENTRO CHICÁN, DISEÑO DE ALCANTARILLADO SANITARIO Y DISEÑO DE PAVIMENTO RÍGIDO PARA LA COLONIA RIBERAS DEL RÍO DEL MUNICIPIO DE TACTIC, DEL DEPARTAMENTO DE ALTA VERAPAZ./ _cJosué Emanuel Mazariegos Cú. _hImpreso |
||
| 264 |
_aCobán, Alta Verapaz: _bUniversidad de San Carlos de Guatemala, Centro Universitario del Norte, Ingeniería Civil _c2023 |
||
| 300 |
_a137 p.: _bIlustraciones, gráficas. _c28 cm; |
||
| 300 | _cPDF | ||
| 336 |
_2rdacontenido _aTexto _btxt |
||
| 337 |
_2rdamedio _aComputadora _bn |
||
| 338 |
_2rdasoporte _aCódigo en línea _bcr |
||
| 502 | _eTIC 0025 | ||
| 502 |
_aTesis de grado _bIngeniería Civil, _cUniversidad de San Carlos de Guatemala, Centro Universitario del Norte, Ingeniería Civil _d2023 _oTIC 0025 |
||
| 520 | 1 | 4 | _aEl Municipio de la Villa de Tactic del departamento de Alta Verapaz, se ha caracterizado por ser un municipio en el cual las actividades comerciales son primordialmente la agricultura y la ganadería, que han proporcionado fuentes de ingreso económico de la población, ya que su ubicación geográfica conecta con el Polochic, ha beneficiado para que los pueblos vecinos se acerquen a realizar las diversas actividades comerciales; así mismo una de las potencias económicas es el turismo por los eco centros Chamché, Chicán y Santuario Chiixim; y debido a estos hechos la municipalidad se ha visto en la necesidad de invertir en la infraestructura del acceso a sus lugares turísticos y mejorar la calidad de vida de los vecinos de Tactic, y ha tomado como prioridad la construcción de un nuevo puente vehicular para el Eco Centro Chicán y la Construcción de un alcantarillado sanitario y pavimento rígido para la Colonia Riberas del Río. Actualmente el acceso para el Eco Centro Chicán están en malas condiciones, se debe pasar por un puente que está construido de concreto y madera, con un ancho de 2.80 metros de ancho sin banqueta; lo cual provoca un riesgo para las personas que transitan en este lugar. Así mismo En la colonia Riberas del Río no cuenta con un sistema de Alcantarillado Sanitario y así mismo no cuenta con un pavimento rígido; al no contar con dicho sistema produce una alta tasa de morbilidad y la cantidad de polvo afecta a las personas con enfermedades respiratorias. |
| 650 | 1 | 4 |
_2LEMB _aTactic, Alta Verapaz. _xIngeniería _xChicán _xConcreto _xAlcantarillado _xDesarrollo _xDiseño |
| 700 |
_aIng. Civil Sindry Yaneth Pacay Morales _eAsesor |
||
| 856 |
_uhttps://drive.google.com/file/d/1qJXBAryFEU-Ji8SZFeyys3hXRBTP9eSr/view _yPDF _zUn ejemplar en línea. |
||
| 942 |
_2ddc _cTES _iTIC 0025 _kClasificación _n0 _6TIC_0025_000000000000000 |
||
| 999 |
_c2064 _d2064 |
||